[Event "Bad Woerishofen sen"]
[Site "?"]
[Date "2002.??.??"]
[Round "8"]
[White "Wunderer, Eckart"]
[Black "Boeven, Manfred"]
[Result "1-0"]
[WhiteElo "2190"]
[BlackElo "2134"]
[Annotator "ChessOrg"]
[PlyCount "151"]
[EventDate "2002.??.??"]

1. d4 d5 2. Nf3 Bf5 3. Bf4 e6 4. e3 Nd7 5. Be2 Ngf6 6. Nbd2 h6 7. Ne5 Nxe5 8.
Bxe5 Be7 9. O-O O-O 10. h3 c5 11. c3 Nd7 12. Bg3 a6 13. a4 Rc8 14. Qb3 Qb6 15.
a5 Qxb3 16. Nxb3 Rfd8 17. Rfc1 Nf6 18. Be5 Nd7 19. Bg3 Bg6 20. Bf3 cxd4 21.
exd4 Bg5 22. Re1 Bc2 23. Nc1 Nf6 24. h4 Bxc1 25. Raxc1 Be4 26. Be2 Rc6 27. f3
Bg6 28. Bf4 Nd7 29. g4 f6 30. Bf1 Re8 31. Bh3 Kf7 32. Bg3 h5 33. Re3 hxg4 34.
fxg4 Be4 35. Rf1 g6 36. Bf4 Rh8 37. Bg3 Kg7 38. Bg2 Bxg2 39. Kxg2 f5 40. Rfe1
Kf7 41. g5 Re8 42. Kf3 Rc4 43. b3 Rc6 44. Rh1 Rec8 45. Be1 Kg7 46. Kf4 Re8 47.
Rh2 e5+ 48. dxe5 Rce6 49. Rhe2 Nc5 50. Rd2 Rd8 51. b4 Ne4 52. Rd4 Rc6 53. Red3
Rdc8 54. Rxd5 Nxc3 55. Rd7+ Kf8 56. Bxc3 Rxc3 57. Rxc3 Rxc3 58. Rxb7 Rc4+ 59.
Kg3 Rg4+ 60. Kh3 Re4 61. Rb6 Kf7 62. Rf6+ Kg7 63. Rxa6 Rxb4 64. Rb6 Ra4 65. a6
Kf7 66. Rf6+ Kg7 67. Rb6 Kf7 68. Kg3 Rg4+ 69. Kf3 Rxh4 70. Rf6+ Kg7 71. e6 Rh8
72. Rf7+ Kg8 73. a7 Rh3+ 74. Kf4 Ra3 75. Ke5 Ra6 76. Rd7 1-0

[Event "Bad Woerishofen sen"]
[Site "?"]
[Date "2002.??.??"]
[Round "8"]
[White "Fischer, Johann"]
[Black "Hein, Manfred"]
[Result "0-1"]
[WhiteElo "2306"]
[BlackElo "2107"]
[Annotator "ChessOrg"]
[PlyCount "122"]
[EventDate "2002.??.??"]

1. d4 d5 2. c4 c6 3. Nc3 dxc4 4. e3 e5 5. Bxc4 exd4 6. exd4 Bd6 7. Nf3 Nf6 8.
O-O O-O 9. Bg5 Nbd7 10. Re1 h6 11. Bh4 Qc7 12. a4 Nb6 13. Bb3 Nbd5 14. Ne5 Bf5
15. Rc1 Qa5 16. Qf3 Be6 17. Bc2 Rfe8 18. Ne4 Bxe5 19. dxe5 Nxe4 20. Qxe4 g6 21.
g4 Qb4 22. h3 Qxe4 23. Bxe4 g5 24. Bg3 Rad8 25. a5 Nc7 26. f4 gxf4 27. Bxf4 Kg7
28. Red1 a6 29. Kf2 Nd5 30. Bg3 Rd7 31. Kf3 f6 32. exf6+ Kxf6 33. Rf1 Rf7 34.
Kg2+ Kg7 35. Be5+ Kg8 36. Rfe1 Ne7 37. Kg3 Bd5 38. Bf4 Bxe4 39. Rxe4 Nf5+ 40.
gxf5 Rxe4 41. Rc5 h5 42. Bd2 Rg7+ 43. Kf3 Rh4 44. Bc3 Rxh3+ 45. Kf4 Rd7 46. Re5
Kf7 47. Re6 Re7 48. Rf6+ Ke8 49. Rh6 Rh1 50. Rh8+ Kf7 51. Rh7+ Ke8 52. Rh8+ Kd7
53. f6 Re2 54. Rh7+ Kd6 55. Rxb7 h4 56. Kf3 Rc2 57. f7 Rf1+ 58. Kg4 Rcf2 59.
Kxh4 Rxf7 60. Rxf7 Rxf7 61. Kg4 Kd5 0-1

[Event "Bad Woerishofen sen"]
[Site "?"]
[Date "2002.??.??"]
[Round "8"]
[White "Bierwisch, Bernhard"]
[Black "Kuehn, Peter"]
[Result "1/2-1/2"]
[WhiteElo "2171"]
[BlackElo "2013"]
[Annotator "ChessOrg"]
[PlyCount "22"]
[EventDate "2002.??.??"]

1. e4 c5 2. Nc3 Nc6 3. g3 g6 4. Bg2 Bg7 5. d3 e6 6. Be3 d6 7. Qd2 Nge7 8. Nh3
Nd4 9. O-O O-O 10. Nd1 e5 11. f4 f5 1/2-1/2

[Event "Bad Woerishofen sen"]
[Site "?"]
[Date "2002.??.??"]
[Round "8"]
[White "Rahn, Oskar"]
[Black "Delander, Adolf"]
[Result "1/2-1/2"]
[WhiteElo "2060"]
[BlackElo "2252"]
[Annotator "ChessOrg"]
[PlyCount "30"]
[EventDate "2002.??.??"]

1. d4 d5 2. Nf3 Nf6 3. c4 c6 4. e3 e6 5. Nc3 Nbd7 6. cxd5 exd5 7. Bd3 Bd6 8.
O-O O-O 9. b3 Re8 10. Qc2 Nf8 11. h3 Qe7 12. Bb2 Bd7 13. Rfe1 Ba3 14. Bxa3 Qxa3
15. Ne5 Rad8 1/2-1/2

[Event "Bad Woerishofen sen"]
[Site "?"]
[Date "2002.??.??"]
[Round "8"]
[White "Schmid, Hermann"]
[Black "Goy, Udo"]
[Result "1/2-1/2"]
[WhiteElo "2169"]
[BlackElo "2191"]
[Annotator "ChessOrg"]
[PlyCount "102"]
[EventDate "2002.??.??"]

1. d4 Nf6 2. Nf3 d6 3. Bf4 g6 4. h3 Bg7 5. e3 O-O 6. Be2 Nfd7 7. O-O e5 8. Bg3
Nc6 9. c4 h6 10. Nc3 exd4 11. exd4 a6 12. Qd2 Nf6 13. Rad1 Bf5 14. d5 Ne7 15.
Nd4 Bc8 16. Bf4 g5 17. Be3 Nf5 18. Nxf5 Bxf5 19. g4 Bd7 20. f4 Nh7 21. Bd3 gxf4
22. Rxf4 Ng5 23. Qg2 Re8 24. Ne4 Be5 25. Rf2 Nxe4 26. Bxe4 Qh4 27. Bd4 Bxd4 28.
Rxd4 Re7 29. Bf5 Kh8 30. Bxd7 Rxd7 31. Rdf4 Rf8 32. Qf3 Re7 33. Rf5 Re5 34. Rf6
Re7 35. Kg2 Qg5 36. Qc3 Kg8 37. R6f5 Qg7 38. Qd2 Rfe8 39. Qf4 Qg6 40. Qd2 Qg7
41. Rh5 Re3 42. Rhf5 R3e5 43. b3 Rf8 44. Kh2 Rfe8 45. Rf6 Qxf6 46. Rxf6 Re2+
47. Rf2 Rxd2 48. Rxd2 Re3 49. Rf2 a5 50. Kg2 Rc3 51. Rf3 Rc2+ 1/2-1/2

[Event "Bad Woerishofen sen"]
[Site "?"]
[Date "2002.??.??"]
[Round "8"]
[White "Neese, Hans-Joachim"]
[Black "Schlag, Franz"]
[Result "1/2-1/2"]
[WhiteElo "2136"]
[BlackElo "2147"]
[Annotator "ChessOrg"]
[PlyCount "26"]
[EventDate "2002.??.??"]

1. d4 d5 2. Nf3 Nf6 3. Bf4 Bg4 4. Nbd2 e6 5. c4 Bxf3 6. gxf3 Bd6 7. Bg5 h6 8.
Bh4 c6 9. e3 e5 10. dxe5 Bxe5 11. Qb3 Qb6 12. Rb1 Qxb3 13. Nxb3 Nbd7 1/2-1/2

[Event "Bad Woerishofen sen"]
[Site "?"]
[Date "2002.??.??"]
[Round "8"]
[White "Born, Bernd-Ludger"]
[Black "Igney, Volkhard"]
[Result "1/2-1/2"]
[WhiteElo "2017"]
[BlackElo "2232"]
[Annotator "ChessOrg"]
[PlyCount "64"]
[EventDate "2002.??.??"]

1. c4 c6 2. Nc3 d5 3. cxd5 cxd5 4. d4 Nf6 5. Bf4 a6 6. Nf3 Nc6 7. h3 Bf5 8. Nh4
Be4 9. f3 Bg6 10. Nxg6 hxg6 11. e3 e6 12. Qd2 Be7 13. Bd3 Nh5 14. Bh2 Bh4+ 15.
Kd1 Bg3 16. Bxg3 Nxg3 17. Re1 b5 18. Ne2 Nf5 19. Bxf5 gxf5 20. Rc1 Qd6 21. Rc5
O-O 22. f4 Rac8 23. Nc1 Nb8 24. Nd3 Nd7 25. Rc2 Qb8 26. Qa5 Qb6 27. Qxb6 Nxb6
28. Rxc8 Rxc8 29. Nc5 a5 30. b3 Kf8 31. Re2 Ke7 32. Rc2 Rc7 1/2-1/2

[Event "Bad Woerishofen sen"]
[Site "?"]
[Date "2002.??.??"]
[Round "8"]
[White "Potthammel, Joerg"]
[Black "Bierbach, Utz"]
[Result "1-0"]
[WhiteElo "2073"]
[BlackElo "2033"]
[Annotator "ChessOrg"]
[PlyCount "63"]
[EventDate "2002.??.??"]

1. e4 c5 2. Nf3 d6 3. d4 cxd4 4. Nxd4 Nf6 5. Nc3 e5 6. Nb3 Nc6 7. Bg5 a6 8. Qd2
Be6 9. O-O-O Be7 10. Kb1 Qc7 11. Bxf6 gxf6 12. Nd5 Bxd5 13. Qxd5 Rc8 14. Bc4
Nd8 15. Bd3 Ne6 16. g3 h5 17. h4 b5 18. Rd2 Qb6 19. Be2 Nc7 20. Qd3 a5 21. Qf3
a4 22. Nc1 b4 23. Qf5 Ne6 24. Bxh5 Rxh5 25. Qxh5 b3 26. cxb3 Qb4 27. Qe2 Nd4
28. Rxd4 Qxd4 29. Rd1 Qb4 30. a3 Qa5 31. b4 Qa7 32. h5 1-0

[Event "Bad Woerishofen sen"]
[Site "?"]
[Date "2002.??.??"]
[Round "8"]
[White "Erler, Klaus-Juergen"]
[Black "Storkebaum, Karl-Heinz"]
[Result "0-1"]
[WhiteElo "1670"]
[BlackElo "1848"]
[Annotator "ChessOrg"]
[PlyCount "70"]
[EventDate "2002.??.??"]

1. c4 c5 2. Nf3 Nc6 3. Nc3 g6 4. g3 Bg7 5. Bg2 e6 6. d3 d6 7. O-O Nge7 8. Bd2
O-O 9. a3 a6 10. Rb1 Rb8 11. b4 cxb4 12. axb4 b5 13. cxb5 axb5 14. Qc1 Re8 15.
Bf4 e5 16. Bh6 d5 17. Bxg7 Kxg7 18. Nd2 Qd6 19. Qb2 Kg8 20. Rfc1 Be6 21. Nf3 h6
22. Ne1 f5 23. Nc2 d4 24. Nd1 Nd5 25. Ra1 Ra8 26. Bxd5 Qxd5 27. e3 Bd7 28. f4
Rxa1 29. Rxa1 exf4 30. exf4 Re2 31. Nf2 Qf3 32. Rf1 Be6 33. Ne1 Rxe1 34. Rxe1
Bd5 35. Ne4 fxe4 0-1

[Event "Bad Woerishofen sen"]
[Site "?"]
[Date "2002.??.??"]
[Round "8"]
[White "Wild, Gerhard"]
[Black "Servaty, Rudolf"]
[Result "0-1"]
[WhiteElo "1987"]
[BlackElo "2201"]
[Annotator "ChessOrg"]
[PlyCount "40"]
[EventDate "2002.??.??"]

1. d4 Nf6 2. c4 c5 3. Nf3 cxd4 4. Nxd4 Nc6 5. Nc3 g6 6. e4 d6 7. h3 Bg7 8. Be3
O-O 9. Be2 Bd7 10. O-O a6 11. Qd2 Nxd4 12. Bxd4 Bc6 13. f3 Re8 14. Rac1 Qa5 15.
Be3 Rac8 16. a3 Nh5 17. Kh2 f5 18. exf5 gxf5 19. f4 Nf6 20. Rfd1 Kh8 0-1

[Event "Bad Woerishofen sen"]
[Site "?"]
[Date "2002.??.??"]
[Round "8"]
[White "Weigel, Herbert"]
[Black "Johannsen, Ingbert"]
[Result "1-0"]
[WhiteElo "2159"]
[BlackElo "1979"]
[Annotator "ChessOrg"]
[PlyCount "95"]
[EventDate "2002.??.??"]

1. e4 e6 2. d4 d5 3. Nd2 Nf6 4. e5 Nfd7 5. f4 c5 6. c3 Nc6 7. Ndf3 cxd4 8. cxd4
Bb4+ 9. Kf2 Qb6 10. g3 f6 11. Kg2 fxe5 12. fxe5 Be7 13. Bd3 Nf8 14. Ne2 Bd7 15.
Rf1 O-O-O 16. a3 Kb8 17. b4 Rc8 18. Bd2 Qd8 19. Qe1 Ka8 20. b5 Nb8 21. a4 g5
22. Nc1 g4 23. Ng1 Be8 24. Nge2 Bg6 25. Nf4 Bxd3 26. Ncxd3 Rc4 27. Ne2 Qe8 28.
Nb2 Rc2 29. Nd3 Qg6 30. Nf2 h5 31. Rc1 Nfd7 32. Nf4 Qf5 33. Rxc2 Qxc2 34. Nxe6
b6 35. Qd1 Rc8 36. Nf4 Qa2 37. Be3 Bg5 38. Qa1 Qb3 39. Rc1 Rc4 40. Rxc4 dxc4
41. Qe1 Bxf4 42. Bxf4 Qf3+ 43. Kg1 h4 44. Qe4+ Qxe4 45. Nxe4 Nf8 46. d5 hxg3
47. hxg3 Ng6 48. e6 1-0

[Event "Bad Woerishofen sen"]
[Site "?"]
[Date "2002.??.??"]
[Round "8"]
[White "Leschhorn, Heinrich"]
[Black "Limberg, Siegfried"]
[Result "0-1"]
[WhiteElo "1875"]
[BlackElo "2111"]
[Annotator "ChessOrg"]
[PlyCount "154"]
[EventDate "2002.??.??"]

1. Nf3 d5 2. c4 c6 3. b3 Nf6 4. Bb2 Bg4 5. Ne5 Bh5 6. g3 e6 7. Bg2 Nfd7 8. Nf3
f6 9. O-O Bd6 10. d3 Na6 11. Nbd2 Nc7 12. Re1 O-O 13. Qc2 e5 14. e3 Re8 15. a3
Bf8 16. Rac1 Bf7 17. cxd5 Nxd5 18. e4 Nc7 19. d4 exd4 20. Nxd4 Ne6 21. Nxe6
Bxe6 22. Rcd1 Qc7 23. Nc4 Nb6 24. Ne3 Qf7 25. Rd3 Rad8 26. Red1 Rxd3 27. Rxd3
Nd7 28. b4 Nb6 29. Qd1 Re7 30. Bd4 Rd7 31. Bxb6 axb6 32. Rxd7 Qxd7 33. Qxd7
Bxd7 34. Bf1 b5 35. Nc2 Bd6 36. Bd3 b6 37. f4 c5 38. Kf2 g5 39. Ke3 h5 40. Be2
Be8 41. h4 gxh4 42. gxh4 Kg7 43. Bf3 Be7 44. f5 Bd6 45. Kf2 Be5 46. Be2 Kf7 47.
Bf3 Ke7 48. Be2 Bb2 49. Kg3 Kd6 50. Kf4 Bc1+ 51. Kg3 Ke5 52. Bf3 Bf7 53. Be2
Kxe4 54. Bxb5 Kxf5 55. bxc5 bxc5 56. Bd3+ Ke5 57. a4 Bd2 58. Kf2 f5 59. Ke2 Bc3
60. Ne3 Be6 61. Nc4+ Kf4 62. a5 Bxc4 63. Bxc4 Bxa5 64. Bf7 Kg4 65. Bg6 Bd8 66.
Bf7 Bxh4 67. Be6 Bf6 68. Kf2 h4 69. Kg2 Kf4 70. Bc4 Bc3 71. Bd3 Be1 72. Kh3 Ke5
73. Bc2 Bg3 74. Bb3 Kd4 75. Be6 f4 76. Kg2 c4 77. Kf3 Kd3 0-1

[Event "Bad Woerishofen sen"]
[Site "?"]
[Date "2002.??.??"]
[Round "8"]
[White "Walther, Diethelm"]
[Black "Xander, Karl"]
[Result "0-1"]
[WhiteElo "2091"]
[BlackElo "1971"]
[Annotator "ChessOrg"]
[PlyCount "160"]
[EventDate "2002.??.??"]

1. d4 Nf6 2. Bg5 Ne4 3. Bf4 d5 4. Nd2 Nd6 5. h4 Nc6 6. e3 Bf5 7. g4 Bd7 8. a3
e6 9. Bd3 Ne7 10. Qf3 Bc6 11. Nh3 Qd7 12. O-O-O Ng6 13. Bg3 Be7 14. h5 Nf8 15.
h6 g6 16. Be5 Rg8 17. g5 O-O-O 18. Qe2 Nc4 19. Nb1 Nxe5 20. dxe5 Bc5 21. f4 a5
22. c4 Qe7 23. Rhe1 Nd7 24. cxd5 Bxd5 25. e4 Bb3 26. Bc2 Bxc2 27. Qxc2 Nb6 28.
Nf2 Rxd1+ 29. Nxd1 Rd8 30. Ndc3 Nc4 31. Nd1 b5 32. Re2 Qd7 33. Nbc3 c6 34. Nb1
Qd4 35. Re1 Kb7 36. Qc3 Qd7 37. Kc2 Bd4 38. Qb3 a4 39. Qd3 Qe7 40. Qe2 Qc5 41.
Nbc3 Bxc3 42. Nxc3 Rd2+ 43. Qxd2 Nxd2 44. Kxd2 Qc4 45. Re3 Kb6 46. Rd3 Qc5 47.
Re3 Qd4+ 48. Rd3 Qf2+ 49. Ne2 c5 50. b3 axb3 51. Rxb3 Kc6 52. Rc3 c4 53. a4 Kc5
54. axb5 Kxb5 55. Rc1 Kc5 56. Rc2 Qf3 57. Rb2 Qd3+ 58. Kc1 Qxe4 59. Rc2 Qf3 60.
Kd2 Qd3+ 61. Kc1 Kb4 62. Rb2+ Ka3 63. Rc2 Qe3+ 64. Kd1 Kb3 65. Nc1+ Kb4 66. Ne2
Qa3 67. Kd2 Qa1 68. Rc1 Qb2+ 69. Rc2 Qb1 70. Rc3 Qe4 71. Rc2 Qd3+ 72. Kc1 c3
73. Kb1 Qe3 74. Ka2 Qd3 75. Kb1 Qd1+ 76. Nc1 Kc4 77. Ra2 Kd4 78. Ra7 Ke4 79.
Rxf7 Qd2 80. Rc7 Qb2# 0-1

[Event "Bad Woerishofen sen"]
[Site "?"]
[Date "2002.??.??"]
[Round "8"]
[White "Dryzek, Tadeusz"]
[Black "Herzel, Alois"]
[Result "1-0"]
[WhiteElo "2057"]
[BlackElo "1844"]
[Annotator "ChessOrg"]
[PlyCount "131"]
[EventDate "2002.??.??"]

1. e4 c5 2. Nf3 e6 3. d4 cxd4 4. Nxd4 a6 5. c4 Nf6 6. Nc3 Bb4 7. Bd3 Nc6 8. Nf3
d5 9. exd5 exd5 10. O-O dxc4 11. Re1+ Be7 12. Bxc4 Qxd1 13. Rxd1 O-O 14. h3 Bf5
15. Be3 Rfd8 16. Bb6 Rxd1+ 17. Rxd1 Bd8 18. Be3 h6 19. g4 Be6 20. Bxe6 fxe6 21.
g5 hxg5 22. Nxg5 e5 23. Kg2 Ba5 24. Nce4 Rd8 25. Rg1 Nxe4 26. Nxe4 Rd7 27. h4
Bd8 28. Kh3 Kh7 29. Nc5 Rf7 30. Ne6 g6 31. Rd1 Bf6 32. b3 Kg8 33. Nc5 Rh7 34.
Rd7 Rxd7 35. Nxd7 Be7 36. Bc5 Kf7 37. Bxe7 Kxe7 38. Nc5 Nd8 39. Kg4 Kf7 40. f3
a5 41. Kg5 Kg7 42. Nd7 Nf7+ 43. Kg4 b5 44. Kg3 Kh6 45. a4 bxa4 46. bxa4 g5 47.
Nb6 gxh4+ 48. Kxh4 Kg6 49. Nc4 Kf5 50. Kg3 e4 51. f4 Nd8 52. Nxa5 e3 53. Nb3
Nc6 54. Nc1 Ke4 55. Ne2 Na5 56. Kg4 Nc4 57. Ng3+ Kd4 58. f5 Kc5 59. f6 Kb4 60.
Kf4 Nd6 61. Kxe3 Kxa4 62. Kd4 Nf7 63. Kd5 Kb5 64. Ne4 Kb6 65. Ke6 Nh6 66. Nd6
1-0

[Event "Bad Woerishofen sen"]
[Site "?"]
[Date "2002.??.??"]
[Round "8"]
[White "Schumacher, Horst"]
[Black "Ziltener, Werner"]
[Result "1-0"]
[WhiteElo "1776"]
[BlackElo "2045"]
[Annotator "ChessOrg"]
[PlyCount "55"]
[EventDate "2002.??.??"]

1. d4 Nf6 2. Nc3 d5 3. e4 dxe4 4. f3 exf3 5. Nxf3 g6 6. Bc4 Bg7 7. O-O O-O 8.
Qe1 Bf5 9. Qh4 Nbd7 10. Bg5 c6 11. Ne5 Nb6 12. Bb3 Nbd5 13. Rf3 Be6 14. Raf1
Qc7 15. Nxd5 cxd5 16. c3 Ne4 17. Nxf7 Rxf7 18. Rxf7 Nxg5 19. Qxg5 Bxf7 20. Rxf7
Kxf7 21. Qxd5+ e6 22. Qxe6+ Kf8 23. Qg8+ Ke7 24. Qxg7+ Kd6 25. Qe5+ Kc6 26.
Ba4+ b5 27. Qxb5+ Kd6 28. Qe5# 1-0

[Event "Bad Woerishofen sen"]
[Site "?"]
[Date "2002.??.??"]
[Round "8"]
[White "Neumann, Erwin"]
[Black "Gretzer, Otmar"]
[Result "1/2-1/2"]
[WhiteElo "1810"]
[BlackElo "2174"]
[Annotator "ChessOrg"]
[PlyCount "116"]
[EventDate "2002.??.??"]

1. e4 c6 2. d4 d5 3. Nc3 dxe4 4. Nxe4 Nd7 5. Nf3 Ngf6 6. Nxf6+ Nxf6 7. Bd3 Bg4
8. c3 e6 9. h3 Bh5 10. Bf4 Nd5 11. Bh2 Qf6 12. g4 Bg6 13. Be5 Qd8 14. Qe2 Qd7
15. a3 Bxd3 16. Qxd3 f6 17. Bg3 Rc8 18. c4 Nc7 19. O-O Bd6 20. Rfe1 O-O 21. Re2
Bxg3 22. fxg3 Rfd8 23. Qb3 Rb8 24. Rae1 b5 25. c5 Qd5 26. Qxd5 Rxd5 27. b4 Kf7
28. g5 a5 29. gxf6 gxf6 30. Rf2 Ke7 31. Nh4 Kf7 32. Ref1 Ne8 33. Nf3 Kg7 34.
Re2 Nc7 35. g4 axb4 36. axb4 Ra8 37. h4 Ra4 38. g5 f5 39. Rb1 Ra6 40. h5 Rd8
41. Kf2 Kf8 42. Rb3 Ke7 43. Nh4 Kd7 44. g6 hxg6 45. Nxg6 Rg8 46. Rh3 Raa8 47.
Ne5+ Ke7 48. Nxc6+ Kf6 49. h6 Nd5 50. h7 Rge8 51. Rh6+ Kf7 52. h8=Q Rxh8 53.
Rexe6 Ra2+ 54. Ke1 Rxh6 55. Rxh6 Rb2 56. Ne5+ Ke7 57. Nd3 Rb1+ 58. Kd2 Nxb4
1/2-1/2

[Event "Bad Woerishofen sen"]
[Site "?"]
[Date "2002.??.??"]
[Round "8"]
[White "Niebling, Ferdinand"]
[Black "Haasper, Peter"]
[Result "1/2-1/2"]
[WhiteElo "2192"]
[BlackElo "1802"]
[Annotator "ChessOrg"]
[PlyCount "58"]
[EventDate "2002.??.??"]

1. e4 e6 2. d4 d5 3. Nd2 Nf6 4. Bd3 c5 5. e5 Nfd7 6. c3 Nc6 7. Ne2 cxd4 8. cxd4
f6 9. exf6 Nxf6 10. Nf3 Bd6 11. Bg5 O-O 12. O-O Qc7 13. Bh4 Bd7 14. Bg3 Ng4 15.
h3 Rxf3 16. gxf3 Nh2 17. Bxh2 Bxh2+ 18. Kg2 Bd6 19. Rc1 Rf8 20. Rg1 Qd8 21. Bb5
Qh4 22. Bxc6 bxc6 23. Rh1 e5 24. dxe5 Bxe5 25. b3 Rf6 26. Ng3 Rg6 27. Qe1 Qf4
28. Rc2 Bd6 29. Re2 c5 1/2-1/2

[Event "Bad Woerishofen sen"]
[Site "?"]
[Date "2002.??.??"]
[Round "8"]
[White "Niebaum, Karl"]
[Black "Schneider, Miloca"]
[Result "1/2-1/2"]
[WhiteElo "1799"]
[BlackElo "2078"]
[Annotator "ChessOrg"]
[PlyCount "85"]
[EventDate "2002.??.??"]

1. d4 f5 2. g3 d5 3. Bg2 c6 4. Nh3 g6 5. O-O Nf6 6. f3 Bg7 7. Nf2 O-O 8. c3 Qe8
9. e4 e5 10. dxe5 Qxe5 11. f4 Qe7 12. e5 Ne4 13. Be3 Be6 14. Nd2 b5 15. Nb3 Na6
16. Nd3 Rfd8 17. Nd4 Bd7 18. Qc2 c5 19. Nf3 Rac8 20. Nd2 d4 21. Bf2 c4 22. Nb4
Nxb4 23. cxb4 Nxf2 24. Rxf2 d3 25. Qc3 Be6 26. a3 Bd5 27. Bxd5+ Rxd5 28. h4
Rcd8 29. Rh2 a6 30. Rd1 Qa7+ 31. Kh1 h6 32. Re1 g5 33. hxg5 hxg5 34. Nf3 g4 35.
Nd2 Qb7 36. Kg1 Re8 37. Nf1 Qb6+ 38. Kh1 Re6 39. Ne3 d2 40. Rxd2 Rxd2 41. Qxd2
Rh6+ 42. Kg2 Qc6+ 43. Qd5+ 1/2-1/2

[Event "Bad Woerishofen sen"]
[Site "?"]
[Date "2002.??.??"]
[Round "8"]
[White "von Hoesslin, Holger"]
[Black "Wendel, Walter"]
[Result "1-0"]
[WhiteElo "1790"]
[BlackElo "1436"]
[Annotator "ChessOrg"]
[PlyCount "45"]
[EventDate "2002.??.??"]

1. e4 c5 2. Nf3 d6 3. d4 cxd4 4. Nxd4 Nf6 5. Nc3 a6 6. Be3 Ng4 7. Bg5 h6 8. Bh4
g5 9. Bg3 Bg7 10. Be2 Ne5 11. Qd2 b5 12. O-O-O Nbc6 13. Nxc6 Nxc6 14. h4 g4 15.
f3 h5 16. fxg4 hxg4 17. Rhf1 Qa5 18. Kb1 Rb8 19. Nd5 Be6 20. Qxa5 Nxa5 21. Nc7+
Kd7 22. Nxe6 Kxe6 23. Bxg4+ 1-0

[Event "Bad Woerishofen sen"]
[Site "?"]
[Date "2002.??.??"]
[Round "8"]
[White "Plasswich, Heribert"]
[Black "Weber, Gerhard"]
[Result "1/2-1/2"]
[WhiteElo "1819"]
[BlackElo "2122"]
[Annotator "ChessOrg"]
[PlyCount "42"]
[EventDate "2002.??.??"]

1. e4 e5 2. Nc3 Nf6 3. d3 d5 4. f4 Nc6 5. Nf3 Bg4 6. Be2 Bxf3 7. Bxf3 d4 8. Ne2
Bd6 9. f5 Ne7 10. O-O c5 11. Ng3 Qd7 12. Nh5 Nxh5 13. Bxh5 Ng8 14. Qg4 Kf8 15.
Bg5 f6 16. Bd2 Nh6 17. Qh4 Nf7 18. Qg3 Rg8 19. Rf2 Ke8 20. Qh4 Rh8 21. Be2 Ke7
1/2-1/2

[Event "Bad Woerishofen sen"]
[Site "?"]
[Date "2002.??.??"]
[Round "8"]
[White "Greifzu, Helmut"]
[Black "Vorderbruegge, Franz-Josef"]
[Result "1/2-1/2"]
[WhiteElo "2036"]
[BlackElo "1679"]
[Annotator "ChessOrg"]
[PlyCount "47"]
[EventDate "2002.??.??"]

1. e4 c6 2. d4 d5 3. exd5 cxd5 4. Bd3 Nc6 5. c3 Nf6 6. Bf4 e6 7. Nd2 Bd6 8. Bg5
Be7 9. Ngf3 O-O 10. Qc2 h6 11. h4 Bd7 12. Rc1 Rc8 13. Qb1 a6 14. Bf4 Na7 15. h5
Bb5 16. Ne5 Bxd3 17. Qxd3 Nc6 18. Qg3 Kh8 19. Qe3 Ng8 20. Ndf3 Nxe5 21. Bxe5
Bg5 22. Nxg5 Qxg5 23. Qxg5 hxg5 24. h6 1/2-1/2

[Event "Bad Woerishofen sen"]
[Site "?"]
[Date "2002.??.??"]
[Round "8"]
[White "Maassen, Hermann"]
[Black "Bareth, Walter"]
[Result "1/2-1/2"]
[WhiteElo "1658"]
[BlackElo "1851"]
[Annotator "ChessOrg"]
[PlyCount "50"]
[EventDate "2002.??.??"]

1. e4 e6 2. d4 d5 3. Nc3 dxe4 4. Nxe4 Bd7 5. Nf3 Bc6 6. Bd3 Nd7 7. O-O Ngf6 8.
Ng3 Be7 9. Re1 b6 10. Qe2 O-O 11. Ng5 Bd6 12. N5e4 Nxe4 13. Nxe4 Be7 14. c3 Re8
15. Bf4 Bb7 16. Rad1 Rc8 17. Qe3 Nf8 18. Bc2 Ng6 19. Be5 Bf6 20. Bxf6 gxf6 21.
Qh6 Bxe4 22. Bxe4 f5 23. Bb7 Rb8 24. Bc6 Re7 25. Re3 Qf8 1/2-1/2

[Event "Bad Woerishofen sen"]
[Site "?"]
[Date "2002.??.??"]
[Round "8"]
[White "Aigner, Georg"]
[Black "Zunker, Reinhard"]
[Result "0-1"]
[WhiteElo "1830"]
[BlackElo "2227"]
[Annotator "ChessOrg"]
[PlyCount "112"]
[EventDate "2002.??.??"]

1. e4 g6 2. d4 Bg7 3. Nf3 d6 4. Bc4 c6 5. O-O Nf6 6. Bg5 Nxe4 7. Be3 O-O 8. Re1
d5 9. Bd3 Nd7 10. Ng5 Nxg5 11. Bxg5 Re8 12. c3 Qb6 13. Qe2 e5 14. dxe5 Nxe5 15.
Nd2 Bd7 16. Be3 Qc7 17. h3 Nxd3 18. Qxd3 Bf5 19. Qe2 d4 20. cxd4 Bxd4 21. Nf3
Bg7 22. Rad1 Qa5 23. Nd4 Be4 24. Bd2 Qd8 25. Bc3 Bd5 26. Qc2 Rxe1+ 27. Rxe1 Qg5
28. g3 Qh5 29. Kh2 Bxd4 30. Bxd4 Qf3 31. Rg1 Re8 32. Qc3 Qxc3 33. bxc3 b6 34.
Be3 Re4 35. Rd1 Ra4 36. Bh6 f5 37. Rd2 Kf7 38. Kg1 Rxa2 39. Rxa2 Bxa2 40. Kf1
Ke6 41. Ke2 Kd5 42. Kd2 Kc4 43. Kc2 Bb3+ 44. Kb2 Bd1 45. h4 b5 46. Be3 c5 47.
Bf4 b4 48. Bc7 Kb5 49. Bd8 a5 50. Kc1 Bf3 51. Kb2 a4 52. Be7 a3+ 53. Kc2 Be4+
54. Kb3 Bd5+ 55. Kc2 b3+ 56. Kb1 Be4+ 0-1

[Event "Bad Woerishofen sen"]
[Site "?"]
[Date "2002.??.??"]
[Round "8"]
[White "Mantzouneas, Nikolaos"]
[Black "Gensbaur, Viktor"]
[Result "1/2-1/2"]
[WhiteElo "2017"]
[BlackElo "1800"]
[Annotator "ChessOrg"]
[PlyCount "64"]
[EventDate "2002.??.??"]

1. d4 Nf6 2. Nf3 d5 3. c4 c6 4. e3 Nbd7 5. cxd5 cxd5 6. Nc3 e6 7. Bd3 Bb4 8.
O-O O-O 9. a3 Be7 10. b4 Nb6 11. Ne5 Nfd7 12. f4 f6 13. Qh5 f5 14. g4 Nf6 15.
Qh3 Ne4 16. Ne2 Bd6 17. gxf5 exf5 18. Qg2 Be6 19. Kh1 Qh4 20. Bxe4 dxe4 21. Rg1
Qh6 22. Ng3 Be7 23. Nh5 Bf6 24. Nxf6+ Qxf6 25. Bd2 Rac8 26. Be1 Rc7 27. Qe2
Rfc8 28. a4 Nd5 29. b5 Rc2 30. Bd2 R8c3 31. Rg3 Rc7 32. Qe1 Qh6 1/2-1/2

[Event "Bad Woerishofen sen"]
[Site "?"]
[Date "2002.??.??"]
[Round "8"]
[White "Eisenhuth, Matthias"]
[Black "Josting, Friedel"]
[Result "0-1"]
[WhiteElo "1697"]
[BlackElo "1840"]
[Annotator "ChessOrg"]
[PlyCount "80"]
[EventDate "2002.??.??"]

1. d4 e6 2. c4 c5 3. d5 exd5 4. cxd5 d6 5. e4 g6 6. Nc3 Bg7 7. Bd3 Nf6 8. Bg5
O-O 9. f3 a6 10. a4 Re8 11. Nge2 Nbd7 12. Qd2 Rb8 13. O-O Ne5 14. Rfe1 Nxd3 15.
Qxd3 Qc7 16. Qd2 b5 17. axb5 axb5 18. Ra2 Bd7 19. Rea1 Rb7 20. g4 b4 21. Nd1
Bb5 22. Kg2 Bxe2 23. Qxe2 Nxd5 24. Qd2 Nb6 25. Ne3 Bd4 26. Nd5 Nxd5 27. exd5 f6
28. Bh4 Qf7 29. Bf2 Rbe7 30. Re1 Rxe1 31. Bxe1 Qxd5 32. Ra7 Qe6 33. Bg3 Qe2+
34. Qxe2 Rxe2+ 35. Kh3 Re6 36. Rd7 Bxb2 37. Bxd6 Bd4 38. Rd8+ Kf7 39. f4 Re8
40. Rd7+ Ke6 0-1

[Event "Bad Woerishofen sen"]
[Site "?"]
[Date "2002.??.??"]
[Round "8"]
[White "Escher, Helmut"]
[Black "Wolffram, Gert"]
[Result "1/2-1/2"]
[WhiteElo "2030"]
[BlackElo "1754"]
[Annotator "ChessOrg"]
[PlyCount "98"]
[EventDate "2002.??.??"]

1. e4 c5 2. Nf3 e6 3. d4 cxd4 4. Nxd4 Nc6 5. Nxc6 bxc6 6. g3 Be7 7. Bg2 Ba6 8.
Nc3 Nf6 9. e5 Nd5 10. Bd2 O-O 11. Nxd5 cxd5 12. Bc3 f5 13. f4 Qc7 14. Bf1 Bxf1
15. Rxf1 Rac8 16. Qd2 Bc5 17. Rc1 Qb6 18. Rd1 Qc6 19. Qe2 a5 20. Rf3 Bb4 21.
Kf1 Qb7 22. Bd4 Bc5 23. Rb3 Qa7 24. c3 Rb8 25. Rxb8 Rxb8 26. Bxc5 Qxc5 27. Rd4
Qb6 28. b3 Rc8 29. Rd3 Qc6 30. Qf3 Qb5 31. Kg2 Qc5 32. c4 dxc4 33. bxc4 Qxc4
34. Rxd7 Qxa2+ 35. Kh3 Qb2 36. Qh5 Kh8 37. Qf7 Rg8 38. Qxe6 Qb1 39. Qd5 Qf1+
40. Qg2 Qa6 41. Rd6 Qb5 42. Qd2 Qe8 43. Qd3 Qh5+ 44. Kg2 Qf7 45. h4 a4 46. e6
Qb7+ 47. Kh2 Qb2+ 48. Qd2 Qxd2+ 49. Rxd2 Re8 1/2-1/2